| 000 | 00468nam a22001457a 4500 | ||
|---|---|---|---|
| 999 |
_c130007 _d130007 |
||
| 008 | 191113b ||||| |||| 00| 0 eng d | ||
| 020 | _a0-7137-2448-X | ||
| 050 | _aBF1091.S545 | ||
| 100 |
_aSheppard, Linda _948619 |
||
| 245 |
_aWake up to your dreams: _ba practical self-help guide to interpretation _c/ by Linda Sheppard |
||
| 260 |
_aLondon: _bBlandford, _c1994. |
||
| 300 |
_a144p. ; _c22cm. |
||
| 650 |
_aDream interpretation _929135 |
||
| 942 |
_2lcc _cMONOGRAPH |
||